000
00241nam a22000857a 4500
008
161201b xxu||||| |||| 00| 0 eng d
100
_9
1637
_a
Bhatt. C
245
_a
Primary interaction in english literature reader
260
_a
New delhi
_b
Frank
_c
2005
999
_c
4351
_d
4351